| 000 | 00715 a2200193 4500 | ||
|---|---|---|---|
| 020 | _a1584885319 | ||
| 020 | _a9781584885313 | ||
| 082 | _a006.3 | ||
| 090 |
_c1039 _d1039 |
||
| 100 | 1 | _aChen, Guanrong. | |
| 245 | 1 | 0 |
_aIntroduction to fuzzy systems / _cGuanrong Chen, Trung Tat Pham. |
| 260 |
_a[S.l.] : _bChapman and Hall/CRC, _c2006. |
||
| 300 |
_a336 p. ; _c24 cm. |
||
| 490 | 1 | _aChapman & hall/crc applied mathematics & nonlinear science. | |
| 700 | 1 | _aPham, Trung Tat. | |
| 830 | 0 | _aChapman & hall/crc applied mathematics & nonlinear science. | |
| 942 |
_aSNS _cBK _k006.3 CHE |
||
| 999 |
_c29657 _d29657 |
||